000 00599nam a2200193 u 4500
001 000003927
003 DO-SdBNP
005 20260422131638.0
008 090715s2009 dr r 001 0 spa d
040 _aDO-SdBNP
_bspa
_cBNPHU
082 _a343.04
_bB262c
100 1 _aBarnichta Geara, Edgar,
_d1958-
_97487
245 1 0 _aCódigo tributado, impuestos y exenciones /
_cEdgar Barnichta Geara.
260 _aSanto Domingo :
_bBúho,
_c2009.
300 _a614 p. ;
_c23 cm.
500 _aIncluye índice.
650 0 _aImpuestos
_xLeyes y legislación
_zRepública Dominicana
_99338
942 _2ddc
_cLBS1
999 _c3746
_d3746